Teorias de la organizacion / (Registro nro. 24538)

Detalles MARC
000 -LEADER
fixed length control field 01265nam a2200289 4500
001 - CONTROL NUMBER
control field 0000015320
003 - CONTROL NUMBER IDENTIFIER
control field CO-CtgCURN
005 - DATE AND TIME OF LATEST TRANSACTION
control field 20250331185248.0
007 - PHYSICAL DESCRIPTION FIXED FIELD--GENERAL INFORMATION
fixed length control field ta
008 - FIXED-LENGTH DATA ELEMENTS--GENERAL INFORMATION
fixed length control field 160627s1977 000 0 eng d
020 ## - INTERNATIONAL STANDARD BOOK NUMBER
International Standard Book Number 9682410010
040 ## - CATALOGING SOURCE
Original cataloging agency CO-CtgCURN
Language of cataloging spa
Transcribing agency coctgcurn
082 0# - DEWEY DECIMAL CLASSIFICATION NUMBER
Classification number 658
Item number Se917
100 1# - MAIN ENTRY--PERSONAL NAME
Personal name Sexton, William P.
245 10 - TITLE STATEMENT
Title Teorias de la organizacion /
Statement of responsibility, etc. William P. Sexton.
260 ## - PUBLICATION, DISTRIBUTION, ETC.
Place of publication, distribution, etc. Mexico :
Name of publisher, distributor, etc. Trillas (reimp. 2005),
Date of publication, distribution, etc. 1977.
300 ## - PHYSICAL DESCRIPTION
Extent 494 p.
336 ## - CONTENT TYPE
Source rdacontent
337 ## - MEDIA TYPE
Source rdamedia
Media type term sin mediacion
Media type code n
338 ## - CARRIER TYPE
Source rdacarrier
Carrier type term volumen
Carrier type code nc
500 ## - GENERAL NOTE
General note Titulo original: Organizationïs theories.
505 8# - FORMATTED CONTENTS NOTE
Formatted contents note Division del trabajo.--Coordinacion y control.--Estructura de la organizacion.--El proceso funcional.--El hombre y las instituciones.--La jerarquia y el papel.--Liderazgo.--Conceptos de motivacion.--Fenomenos de cambio.--Salud de la organizacion.--investigación de operaciones.--Forma de organizacion.--La comunicación.--Adaptacion y organizacion baadas en el grupo.--La cuestion de la reciprocidad.--El conflicto en la organizacion
650 14 - SUBJECT ADDED ENTRY--TOPICAL TERM
Topical term or geographic name entry element Organizacion.
908 ## - PUT COMMAND PARAMETER (RLIN)
Put command parameter 160627
942 ## - ADDED ENTRY ELEMENTS (KOHA)
Koha item type Libros
Classification part 658
Item part Se917
Source of classification or shelving scheme Dewey Decimal Classification
Existencias
Withdrawn status Lost status Source of classification or shelving scheme Damaged status Not for loan Collection Home library Current library Shelving location Date acquired Inventory number Total checkouts Full call number Barcode Date last seen Price effective from Koha item type Public note
    Dewey Decimal Classification     General Miguel Henríquez Castañeda Miguel Henríquez Castañeda General 03/31/2025 015315   658 Se917 015315 03/31/2025 03/31/2025 Libros 650-ADMINS